000 00760cam a2200253 4500
008 090401t1998 xxu||||| |||| 00| 0 eng d
020 _a0198233655
035 _a(Sirsi) u85952
041 _aeng
050 _a333.70285
100 _aBurrough, Peter A.
245 _aPrinicples of geographical information systems.
250 _a2nd ed.
260 _aOxford
_bOxford University Press
_c1998
300 _axiii,333p. : ill. ; 25cm.
350 _a24.99
520 _aA new edition of a standard text, which provides a comprehensive introduction to the theory and practice of GIS.
650 _aGIS
650 _aSPATIAL INFORMATION SYSTEMS
690 _aLAND SURVEYING
700 _aMcDonnell, Rachael A.
942 _n0
948 _c30/04/1998
999 _c97093
_d97093